[Event "Bundesliga 9394"]
[Site "Germany"]
[Date "1994.03.20"]
[Round "11.5"]
[White "Goldberg, Alexander"]
[Black "Volke, Karsten"]
[Result "1/2-1/2"]
[WhiteElo "2405"]
[BlackElo "2480"]
[PlyCount "107"]
[EventDate "1993.11.06"]
[EventType "team-tourn"]
[EventRounds "15"]
[EventCountry "GER"]
[SourceTitle "GER-chT"]
[Source "ChessBase"]
[SourceDate "1999.07.01"]
[SourceVersion "1"]
[SourceVersionDate "1999.07.01"]
[SourceQuality "1"]
[WhiteTeam "Dresden"]
[BlackTeam "Berlin Empor"]
[WhiteTeamCountry "GER"]
[BlackTeamCountry "GER"]

1. e4 c5 2. Nf3 e6 3. d4 cxd4 4. Nxd4 Nf6 5. Nc3 d6 6. Be2 Be7 7. 0-0 0-0 8. Be3 Nc6 9. f4 e5 10. Nf3 Ng4 11. Bc1 exf4 12. Bxf4 Be6 13. Kh1 Rc8 14. Nd5 Nge5 15. c3 Nxf3 16. Nxe7+ Qxe7 17. Bxd6 Qh4 18. Bxf3 Rfd8 19. Bg3 Rxd1 20. Bxh4 Rxf1+ 21. Rxf1 Bxa2 22. Rd1 Be6 23. e5 h6 24. Bxc6 Rxc6 25. Be7 Kh7 26. h3 Rc4 27. Rd4 Rxd4 28. cxd4 Kg6 29. Bc5 b6 30. Bf8 h5 31. Kh2 a5 32. Kg3 Bd5 33. Kf2 b5 34. g3 Kf5 35. Ke3 g6 36. Be7 Bg2 37. h4 Ke6 38. Bd8 a4 39. Ba5 Bf1 40. Kd2 Kf5 41. Ke3 Bc4 42. Bb4 Ke6 43. Ke4 Ba2 44. Kd3 Kf5 45. Bd6 Kg4 46. Ke4 Bb1+ 47. Ke3 Kf5 48. d5 b4 49. Kd4 b3 50. Bb4 Kg4 51. e6 fxe6 52. d6 e5+ 53. Kxe5 Bf5 54. Kf6 1/2-1/2

[Event "Bundesliga 9394"]
[Site "Germany"]
[Date "1994.03.19"]
[Round "10.5"]
[White "Heinig, Wolfram"]
[Black "Goldberg, Alexander"]
[Result "1/2-1/2"]
[WhiteElo "2320"]
[BlackElo "2405"]
[PlyCount "84"]
[EventDate "1993.11.06"]
[EventType "team-tourn"]
[EventRounds "15"]
[EventCountry "GER"]
[SourceTitle "GER-chT"]
[Source "ChessBase"]
[SourceDate "1999.07.01"]
[SourceVersion "1"]
[SourceVersionDate "1999.07.01"]
[SourceQuality "1"]
[WhiteTeam "Zehlendorf"]
[BlackTeam "Dresden"]
[WhiteTeamCountry "GER"]
[BlackTeamCountry "GER"]

1. d4 Nf6 2. c4 e6 3. g3 d5 4. Bg2 Be7 5. Nf3 0-0 6. 0-0 dxc4 7. Ne5 Nc6 8. Nxc6 bxc6 9. e3 Rb8 10. Qa4 Rb6 11. Nd2 c5 12. dxc5 Bxc5 13. Nxc4 Rb4 14. Qc2 Ba6 15. b3 Bxc4 16. bxc4 Qe7 17. Bd2 Rb6 18. Ba5 Ra6 19. Bc3 Rd8 20. Rab1 Rb6 21. Ba5 Ra6 22. Rb5 Bb6 23. Bb4 c5 24. Bc3 Ne8 25. Qb2 f6 26. Qb3 Nd6 27. a4 Qc7 28. a5 Bxa5 29. Ra1 Nxb5 30. cxb5 c4 31. Qc2 Bxc3 32. Rxa6 Ba5 33. Rc6 Qe5 34. Qxc4 Rd1+ 35. Bf1 Qd5 36. Qg4 f5 37. Rc8+ Bd8 38. Qe2 Rd2 39. Qc4 Kf7 40. Qxd5 Rxd5 41. Bc4 Rd6 42. Kg2 Bb6 1/2-1/2

[Event "Bundesliga 9394"]
[Site "Germany"]
[Date "1994.01.09"]
[Round "5.4"]
[White "Jasnikowski, Zbigniew"]
[Black "Goldberg, Alexander"]
[Result "0-1"]
[WhiteElo "2475"]
[BlackElo "2405"]
[PlyCount "64"]
[EventDate "1993.11.06"]
[EventType "team-tourn"]
[EventRounds "15"]
[EventCountry "GER"]
[SourceTitle "GER-chT"]
[Source "ChessBase"]
[SourceDate "1999.07.01"]
[SourceVersion "1"]
[SourceVersionDate "1999.07.01"]
[SourceQuality "1"]
[WhiteTeam "Erfurt"]
[BlackTeam "Dresden"]
[WhiteTeamCountry "GER"]
[BlackTeamCountry "GER"]

1. d4 Nf6 2. c4 e6 3. Nf3 b6 4. g3 Bb7 5. Bg2 Be7 6. 0-0 0-0 7. Nc3 Na6 8. Bg5 c5 9. Rc1 d6 10. Qd2 h6 11. Bxf6 Bxf6 12. d5 exd5 13. Nxd5 Bxd5 14. cxd5 Re8 15. h4 Qd7 16. Nh2 Qb5 17. Ng4 Qxb2 18. Qf4 h5 19. Nxf6+ Qxf6 20. Qa4 Nc7 21. Qc6 Na6 22. Qa4 Nc7 23. Qc6 Qd8 24. e4 b5 25. Rfd1 Rb8 26. Bh3 Re7 27. Rxc5 Rb6 28. Qxb6 axb6 29. Rc6 g6 30. e5 Rxe5 31. Rxc7 Rxd5 32. Rc8 Rxd1+ 0-1

[Event "Bundesliga 9495"]
[Site "Germany"]
[Date "1994.??.??"]
[Round "?.6"]
[White "Goldberg, Alexander"]
[Black "Sandor, Christian"]
[Result "1/2-1/2"]
[WhiteElo "2405"]
[BlackElo "2365"]
[PlyCount "74"]
[EventDate "1994.10.08"]
[EventType "team-tourn"]
[EventRounds "15"]
[EventCountry "GER"]
[SourceTitle "GER-chT"]
[Source "ChessBase"]
[SourceDate "1999.07.01"]
[SourceVersion "1"]
[SourceVersionDate "1999.07.01"]
[SourceQuality "1"]
[WhiteTeam "Dresden"]
[BlackTeam "Muenchen 36"]
[WhiteTeamCountry "GER"]
[BlackTeamCountry "GER"]

1. e4 e5 2. Bc4 Nc6 3. Nf3 Bc5 4. 0-0 Nf6 5. d3 d6 6. c3 a6 7. Bb3 0-0 8. h3 Be6 9. Bc2 Ba7 10. Re1 h6 11. Nbd2 Re8 12. Nf1 d5 13. d4 Nxe4 14. Nxe5 Nxe5 15. Bxe4 dxe4 16. dxe5 Qh4 17. Be3 Rad8 18. Qe2 Bxe3 19. Qxe3 Bd5 20. Qc5 Bc6 21. Ng3 Rd5 22. Rxe4 Qxe4 23. Nxe4 Rxc5 24. Nxc5 Rxe5 25. b4 Re2 26. a4 Rc2 27. Ra3 Kf8 28. b5 axb5 29. axb5 Rc1+ 30. Kh2 Bxb5 31. Nxb7 Ke7 32. Ra5 c6 33. Ra3 Ke6 34. Nd8+ Ke7 35. Nb7 Bc4 36. Na5 Bd5 37. c4 Bxc4 1/2-1/2

[Event "Bundesliga 9495"]
[Site "Germany"]
[Date "1994.??.??"]
[Round "?.6"]
[White "Goldberg, Alexander"]
[Black "Schaefer, Markus"]
[Result "0-1"]
[WhiteElo "2405"]
[BlackElo "2455"]
[PlyCount "72"]
[EventDate "1994.10.08"]
[EventType "team-tourn"]
[EventRounds "15"]
[EventCountry "GER"]
[SourceTitle "GER-chT"]
[Source "ChessBase"]
[SourceDate "1999.07.01"]
[SourceVersion "1"]
[SourceVersionDate "1999.07.01"]
[SourceQuality "1"]
[WhiteTeam "Dresden"]
[BlackTeam "Solingen"]
[WhiteTeamCountry "GER"]
[BlackTeamCountry "GER"]

1. e4 c5 2. Nf3 e6 3. d4 cxd4 4. Nxd4 a6 5. Bd3 g6 6. 0-0 Bg7 7. Nb3 Ne7 8. c4 0-0 9. Nc3 Nbc6 10. Bg5 d6 11. f4 Qc7 12. Rc1 f5 13. Kh1 fxe4 14. Bxe4 Nf5 15. Bxf5 gxf5 16. Nd5 exd5 17. cxd5 h6 18. Bh4 Bd7 19. Rf3 Kh7 20. Rg3 Be8 21. Re3 Qf7 22. dxc6 Bxc6 23. Qxd6 Rae8 24. Rxe8 Rxe8 25. Nd4 Bxd4 26. Qxd4 Re2 27. Bf2 Qxa2 28. Rxc6 bxc6 29. Qd7+ Kg6 30. Qxc6+ Qe6 31. Qc5 Rxb2 32. h3 Re2 33. Bd4 Qe4 34. Bf2 Qxf4 35. Qc6+ Kh5 36. Bg1 Qe4 0-1

[Event "Dresden op 02nd"]
[Site "Dresden"]
[Date "1993.??.??"]
[Round "?"]
[White "Engelbert, Christoph"]
[Black "Goldberg, Alexander"]
[Result "0-1"]
[WhiteElo "2270"]
[BlackElo "2365"]
[PlyCount "114"]
[EventDate "1993.07.??"]
[EventType "swiss"]
[EventRounds "9"]
[EventCountry "GER"]
[SourceTitle "TD"]
[Source "ChessBase"]
[SourceDate "1994.03.01"]
[SourceVersion "1"]
[SourceVersionDate "1994.03.01"]
[SourceQuality "1"]

1. e4 e5 2. Nf3 Nc6 3. Bc4 Nf6 4. d4 exd4 5. 0-0 Nxe4 6. Re1 d5 7. Bxd5 Qxd5 8. Nc3 Qa5 9. Nxe4 Be6 10. Neg5 0-0-0 11. Nxe6 fxe6 12. Rxe6 Bd6 13. Bg5 Rde8 14. Qe1 Qxe1+ 15. Raxe1 Kd7 16. Rxe8 Rxe8 17. Rxe8 Kxe8 18. Bd2 Be7 19. Kf1 Kd7 20. Ke2 Ke6 21. Bf4 Bd8 22. Kd3 Kd5 23. a3 a5 24. Nd2 b5 25. Nf3 a4 26. b4 axb3 27. cxb3 Be7 28. Bc1 Bf6 29. b4 Nd8 30. Ng5 h6 31. Ne4 Be7 32. Bb2 Nc6 33. f4 Bxb4 34. Bxd4 Nxd4 35. axb4 Ne2 36. g3 Nc1+ 37. Ke3 Kc4 38. g4 Na2 39. g5 hxg5 40. Nxg5 Nxb4 41. f5 Nd5+ 42. Kd2 b4 43. h4 Ne7 44. f6 gxf6 45. Ne6 c5 46. h5 Nf5 47. Kc1 Kd5 48. Nc7+ Kd6 49. Na6 Nh6 50. Kc2 f5 51. Kb3 Nf7 52. h6 f4 53. Kc4 Ne5+ 54. Kb5 b3 55. Nxc5 b2 56. Ne4+ Ke7 57. Nd2 f3 0-1

[Event "Bundesliga 9293"]
[Site "Germany"]
[Date "1993.??.??"]
[Round "?.6"]
[White "Goldberg, Alexander"]
[Black "Boensch, Uwe"]
[Result "1-0"]
[WhiteElo "2365"]
[BlackElo "2490"]
[PlyCount "115"]
[EventDate "1992.10.24"]
[EventType "team-tourn"]
[EventRounds "15"]
[EventCountry "GER"]
[SourceTitle "GER-chT"]
[Source "ChessBase"]
[SourceDate "1999.07.01"]
[SourceVersion "1"]
[SourceVersionDate "1999.07.01"]
[SourceQuality "1"]
[WhiteTeam "Dresden"]
[BlackTeam "Bayern Muenchen"]
[WhiteTeamCountry "GER"]
[BlackTeamCountry "GER"]

1. e4 c5 2. Nf3 Nc6 3. d4 cxd4 4. Nxd4 e5 5. Nb5 d6 6. c4 Be7 7. N1c3 a6 8. Na3 Be6 9. Be2 Nd4 10. Be3 Nxe2 11. Qxe2 Nf6 12. 0-0 0-0 13. Rfd1 Ng4 14. Nc2 f5 15. exf5 Bxf5 16. Nd5 Bg5 17. Bxg5 Qxg5 18. Nce3 Kh8 19. Nxf5 Rxf5 20. f3 Nh6 21. Nc3 Qg6 22. Ne4 Nf7 23. Rd5 Re8 24. Rad1 Re6 25. Qd3 h6 26. Nxd6 Nxd6 27. Rxd6 Rxd6 28. Qxd6 Rf6 29. Qd8+ Kh7 30. Qd3 Rc6 31. b3 b5 32. cxb5 axb5 33. Qxg6+ Kxg6 34. Rd5 Rc1+ 35. Kf2 Rc2+ 36. Kg3 Rxa2 37. Rxe5 b4 38. Rb5 Kf6 39. Rxb4 g5 40. Rb6+ Kg7 41. b4 Rb2 42. b5 Rb4 43. Rb7+ Kg6 44. b6 Rb2 45. Rb8 Kg7 46. b7 Rb4 47. Kf2 g4 48. Kg3 gxf3 49. gxf3 Rb3 50. Kf2 Rb4 51. Ke3 Rb3+ 52. Ke4 Rb4+ 53. Kd5 Rb1 54. f4 Rd1+ 55. Kc4 Rc1+ 56. Kd3 Rb1 57. f5 Rd1+ 58. Kc2 1-0

[Event "Dresden op 02nd"]
[Site "Dresden"]
[Date "1993.??.??"]
[Round "?"]
[White "Goldberg, Alexander"]
[Black "Chuchelov, Vladimir"]
[Result "1-0"]
[WhiteElo "2365"]
[BlackElo "2500"]
[PlyCount "143"]
[EventDate "1993.07.??"]
[EventType "swiss"]
[EventRounds "9"]
[EventCountry "GER"]
[SourceTitle "TD"]
[Source "ChessBase"]
[SourceDate "1994.03.01"]
[SourceVersion "1"]
[SourceVersionDate "1994.03.01"]
[SourceQuality "1"]

1. e4 c5 2. Nf3 e6 3. d4 cxd4 4. Nxd4 a6 5. Bd3 Nf6 6. 0-0 Qc7 7. c4 Bc5 8. Nb3 Be7 9. f4 d6 10. Nc3 0-0 11. Qe2 Nbd7 12. Bd2 b6 13. Rae1 Bb7 14. Rf3 Rac8 15. Rh3 g6 16. e5 Ne8 17. Kh1 Ng7 18. Ne4 dxe5 19. fxe5 Qxe5 20. Bc3 Qc7 21. Qd2 h5 22. Qh6 e5 23. Ng3 h4 24. Nd4 Qd6 25. Ne4 Bxe4 26. Rxe4 f5 27. Rexh4 Bxh4 28. Rxh4 exd4 29. Qh7+ Kf7 30. Rxd4 Qe7 31. Rxd7 Qxd7 32. Qxg7+ Ke8 33. Qxg6+ Qf7 34. Qxb6 Rg8 35. Qxa6 Rd8 36. Bc2 Rg6 37. Qb5+ Kf8 38. h3 Rg5 39. Qb6 Rc8 40. Qh6+ Rg7 41. Bxf5 Qxf5 42. Qxg7+ Ke8 43. b3 Rc6 44. Qe5+ Qxe5 45. Bxe5 Ra6 46. b4 Rxa2 47. b5 Re2 48. Bd6 Rb2 49. Kh2 Kd7 50. Be5 Rb4 51. g4 Rxc4 52. b6 Rb4 53. Bc7 Rb3 54. h4 Ke6 55. h5 Kf6 56. Bd8+ Ke6 57. g5 Kf7 58. Kg2 Rd3 59. Bc7 Rb3 60. Kf2 Kg7 61. Be5+ Kh7 62. Bd4 Rb5 63. g6+ Kh6 64. g7 Kh7 65. h6 Rb3 66. Ke2 Rh3 67. Be3 Rh4 68. Kd3 Rb4 69. Bc5 Rb1 70. Kc4 Re1 71. Kd5 Re8 72. Bf8 1-0